Quality assurance of pharmaceuticals . A compendium of guidelines and related materials. Vol. 2: Good manufacturing practices and inspection (Registro nro. 2030)
[ vista simple ]
| 000 -LEADER | |
|---|---|
| fixed length control field | 00927nam a2200277 a 4500 |
| 003 - CONTROL NUMBER IDENTIFIER | |
| control field | OSt |
| 005 - FECHA ULTIMA MODIFICACION | |
| control field | 20190627114034.0 |
| 008 - FIXED-LENGTH DATA ELEMENTS--GENERAL INFORMATION | |
| fixed length control field | 131107s1999 sz ||||| |||| 00| 0 eng d |
| 020 ## - INTERNATIONAL STANDARD BOOK NUMBER | |
| International Standard Book Number | 92-4-154526-7 |
| 040 ## - CATALOGING SOURCE | |
| Transcribing agency | Biblioteca Medicina |
| 041 ## - LANGUAGE CODE | |
| Language code of text/sound track or separate title | eng |
| 082 ## - DEWEY DECIMAL CLASSIFICATION NUMBER | |
| Classification number | OMS QV 33 |
| 110 ## - MAIN ENTRY--CORPORATE NAME | |
| Corporate name or jurisdiction name as entry element | Organizacion Mundial de la Salud |
| 9 (RLIN) | 1006 |
| 245 00 - TITLE STATEMENT | |
| Title | Quality assurance of pharmaceuticals . A compendium of guidelines and related materials. Vol. 2: Good manufacturing practices and inspection |
| 250 ## - EDITION STATEMENT | |
| Edition statement | 1° ed. |
| 260 ## - PUBLICATION, DISTRIBUTION, ETC. (IMPRINT) | |
| Place of publication, distribution, etc | Ginebra |
| Name of publisher, distributor, etc | Organizacion Mundial de la Salud |
| Date of publication, distribution, etc | 1999 |
| 300 ## - PHYSICAL DESCRIPTION | |
| Extent | 196 p. |
| 500 ## - GENERAL NOTE | |
| General note | Quality assurance of pharmaceuticals |
| 546 ## - LANGUAGE NOTE | |
| Language note | Texto en ingles |
| 653 ## - INDEX TERM--UNCONTROLLED | |
| Uncontrolled term | CONTROL DE MEDICAMENTOS Y NARCOTICOS-NORMAS |
| 653 ## - INDEX TERM--UNCONTROLLED | |
| Uncontrolled term | INDUSTRIA FARMACEUTICA-NORMAS |
| 653 ## - INDEX TERM--UNCONTROLLED | |
| Uncontrolled term | PREPARACIONES FARMACEUTICAS-PROVISION Y DISTRIBUCION |
| 653 ## - INDEX TERM--UNCONTROLLED | |
| Uncontrolled term | CONTROL DE CALIDAD |
| 653 ## - INDEX TERM--UNCONTROLLED | |
| Uncontrolled term | GUIAS |
| 942 ## - ADDED ENTRY ELEMENTS (KOHA) | |
| Source of classification or shelving scheme | Dewey Decimal Classification |
| Koha item type | Hemeroteca |
| Withdrawn status | Lost status | Fuente de clasificación | Damaged status | Use restrictions | Not for loan | Colección | Ubicación permanente | Ubicación actual | Fecha de adquisición | Total Checkouts | Número de clasificación | Código de barras | Date last seen | Número de ejemplar | Price effective from | Koha tipo de elemento (item) |
|---|---|---|---|---|---|---|---|---|---|---|---|---|---|---|---|---|
| Dewey Decimal Classification | Restricted Access | Not For Loan | Non-fiction | Biblioteca Medicina | Biblioteca Medicina | 07/11/2013 | OMS QV 33 | H0297 | 06/11/2014 | Ej. 1 | 07/11/2013 | Hemeroteca |